Land availability for commercial property development in Zambia (Record no. 48774)

MARC details
000 -LEADER
fixed length control field 00666nam a2200157 a 4500
008 - FIXED-LENGTH DATA ELEMENTS--GENERAL INFORMATION
fixed length control field 120416s1993 ||||||||||||||||| || u
050 ## - LIBRARY OF CONGRESS CALL NUMBER
Classification number THESIS/STUDENT
100 ## - MAIN ENTRY--PERSONAL NAME
Personal name Malichi, Paul
245 10 - TITLE STATEMENT
Title Land availability for commercial property development in Zambia
Statement of responsibility, etc. thesis supervised by E.A. Boakye
246 ## - VARYING FORM OF TITLE
Title proper/short title the case of Kitwe
260 ## - PUBLICATION, DISTRIBUTION, ETC.
Place of publication, distribution, etc. Copperbelt University
Name of publisher, distributor, etc. Copperbelt University, School of Built Environment, Department of Planning and Land Economy
Date of publication, distribution, etc. 1993
350 ## - PRICE (NR) (BK AM CF MU VM SE) [OBSOLETE]
Price 0.00
650 ## - SUBJECT ADDED ENTRY--TOPICAL TERM
Topical term or geographic name entry element LAND
650 ## - SUBJECT ADDED ENTRY--TOPICAL TERM
Topical term or geographic name entry element LAND USE--ZAMBIA
995 ## - RECOMMENDATION 995 [LOCAL, UNIMARC FRANCE]
-- 0.00
-- CBU-MAIN LIBRARY (Kitwe)
-- 1
-- 0.00
-- AVAILABLE
-- University Collection
Holdings
Withdrawn status Lost status Source of classification or shelving scheme Damaged status Not for loan Home library Current library Shelving location Date acquired Total Checkouts Full call number Barcode Date last seen Price effective from Koha item type
          CBU-MAIN LIBRARY, KITWE. CBU-MAIN LIBRARY, KITWE.   11/30/2022   THESIS/STUDENT 9003642 11/30/2022 11/30/2022 MONOGRAPH